[Event "XXXII Memorial Edoardo Crespi B"]
[Site "Milano ITA"]
[Date "2011.12.07"]
[Round "1"]
[White "Saffioti, Cristian"]
[Black "Palmieri, Giovanni"]
[Result "1-0"]
[WhiteElo "1916"]
[BlackElo "1802"]
[PlyCount "79"]
[EventDate "2011.12.07"]

1. e4 c5 2. Nc3 d6 3. Nf3 Nf6 4. d4 cxd4 5. Nxd4 Nc6 6. f3 e6 7. Be3 Be7 8. Qd2
a6 9. O-O-O Bd7 10. g4 Nxd4 11. Bxd4 O-O 12. h4 b5 13. Kb1 b4 14. Ne2 a5 15. h5
d5 16. e5 Ne8 17. Nc1 a4 18. b3 axb3 19. cxb3 f6 20. f4 fxe5 21. Bxe5 Bd6 22.
Bd3 Bxe5 23. fxe5 Qc7 24. Qg5 Rf2 25. Rdf1 Rxf1 26. Rxf1 Qd8 27. Qf4 Qe7 28.
Ne2 Nc7 29. Nd4 h6 30. Qc1 Rc8 31. Nc6 Bxc6 32. Qxc6 Rd8 33. Rc1 Rd7 34. Bg6 d4
35. Qb7 Qd8 36. Qxb4 Nd5 37. Qxd4 Nb6 38. Qf4 Nd5 39. Qa4 Nb6 40. Qc6 1-0

[Event "XXXII Memorial Edoardo Crespi B"]
[Site "Milano ITA"]
[Date "2011.12.07"]
[Round "1"]
[White "Saffioti, Massimo"]
[Black "Pelizzola, Danilo"]
[Result "1-0"]
[WhiteElo "1869"]
[BlackElo "1978"]
[PlyCount "120"]
[EventDate "2011.12.07"]

1. c4 Nf6 2. Nc3 g6 3. g3 Bg7 4. Bg2 O-O 5. e4 c5 6. Nge2 Nc6 7. O-O e5 8. d3
d6 9. h3 Nd4 10. Kh2 Nh5 11. Nxd4 cxd4 12. Nd5 Be6 13. Bf3 Nf6 14. Bg5 Bxd5 15.
cxd5 Rc8 16. Qd2 Qb6 17. Bxf6 Bxf6 18. Bg4 Rc5 19. h4 Bg7 20. Rac1 f5 21. Rxc5
dxc5 22. Bh3 Qd6 23. Re1 a6 24. Qc2 Bh6 25. Rf1 fxe4 26. Be6+ Kh8 27. dxe4 b5
28. b3 b4 29. Qe2 Qb6 30. Kg2 Kg7 31. g4 Bf4 32. h5 Bg5 33. hxg6 hxg6 34. Rd1
a5 35. Qd3 Bf4 36. Qh3 Rh8 37. Qd3 Rh2+ 38. Kg1 Kf6 39. Qf3 Qb8 40. Kf1 Qh8 41.
Ke2 Qh4 42. Rf1 Qh6 43. Rg1 Ke7 44. g5 Qh8 45. Qg4 Rh4 46. Qg2 Qe8 47. Rd1 Qb5+
48. Rd3 a4 49. Qf3 axb3 50. axb3 Qa6 51. Kd1 Qa1+ 52. Ke2 Rh1 53. Qg2 Qb2+ 54.
Kf3 Rh2 55. Qf1 Qc2 56. Qe2 Qc1 57. Qd1 Qb2 58. Qe2 Qa1 59. Qd1 Qa2 60. Qe2 Qa8
1-0

[Event "XXXII Memorial Edoardo Crespi B"]
[Site "Milano ITA"]
[Date "2011.12.07"]
[Round "1"]
[White "Sala, Giovanni"]
[Black "Santini, Alberto"]
[Result "1/2-1/2"]
[WhiteElo "1985"]
[BlackElo "1872"]
[PlyCount "32"]
[EventDate "2011.12.07"]

1. c4 e5 2. g3 f5 3. Bg2 Nf6 4. Nc3 Nc6 5. d3 Be7 6. e4 d6 7. Nge2 O-O 8. O-O
Qe8 9. Nd5 Bd8 10. f3 Ne7 11. Be3 c6 12. Nxf6+ Rxf6 13. b4 Be6 14. c5 d5 15. d4
Bc7 16. dxe5 Bxe5 1/2-1/2

[Event "XXXII Memorial Edoardo Crespi B"]
[Site "Milano ITA"]
[Date "2011.12.07"]
[Round "1"]
[White "Sirletti, Sonia"]
[Black "Brigatti, Lorenzo"]
[Result "0-1"]
[WhiteElo "1960"]
[BlackElo "1863"]
[PlyCount "96"]
[EventDate "2011.12.07"]

1. d4 Nf6 2. c4 c5 3. d5 e6 4. Nc3 exd5 5. cxd5 d6 6. e4 g6 7. Bd3 Bg7 8. h3
O-O 9. Nf3 a6 10. a4 Nfd7 11. O-O Ne5 12. Nxe5 Bxe5 13. Be3 Nd7 14. Qd2 Qc7 15.
f4 Bg7 16. f5 c4 17. Bc2 Rb8 18. Kh1 Nc5 19. f6 Bh8 20. Bd4 Nd7 21. Qg5 Re8 22.
Rae1 Qd8 23. h4 Re5 24. Bxe5 dxe5 25. h5 Bxf6 26. Qe3 Bg5 27. Qf2 Qf8 28. Bd1
Nf6 29. g3 Bd7 30. hxg6 hxg6 31. Qh2 Kg7 32. Kg1 Qb4 33. Qc2 Rh8 34. Rf2 Qc5
35. Bf3 Ng4 36. Nd1 Nxf2 37. Nxf2 b5 38. axb5 axb5 39. Kf1 Rh2 40. Kg1 Rh8 41.
Kf1 Be3 42. Qe2 Bd4 43. Nd1 Rh3 44. Kg2 Qe7 45. Bg4 Rh8 46. Bxd7 Qxd7 47. Rh1
Rxh1 48. Kxh1 Qh3+ 0-1

[Event "XXXII Memorial Edoardo Crespi B"]
[Site "Milano ITA"]
[Date "2011.12.07"]
[Round "1"]
[White "Trent, Alan M."]
[Black "Manansala, Eduardo"]
[Result "0-1"]
[WhiteElo "1759"]
[BlackElo "1912"]
[PlyCount "50"]
[EventDate "2011.12.07"]

1. e4 e6 2. d4 d5 3. exd5 exd5 4. c4 Nf6 5. Qe2+ Be6 6. c5 Nc6 7. Nf3 Be7 8.
Qb5 Qc8 9. Nc3 O-O 10. Be2 Bg4 11. O-O Bxf3 12. Bxf3 Nxd4 13. Qd3 Nxf3+ 14.
Qxf3 c6 15. Bg5 Re8 16. Rfe1 Qd8 17. b4 Nd7 18. Bf4 a5 19. Rab1 axb4 20. Nxd5
cxd5 21. Qxd5 Nxc5 22. Rbd1 Qxd5 23. Rxd5 Na6 24. Bd6 Red8 25. Red1 Bxd6 0-1

[Event "XXXII Memorial Edoardo Crespi B"]
[Site "Milano ITA"]
[Date "2011.12.07"]
[Round "1"]
[White "Villalba, Fernando"]
[Black "Virzi, Ettore"]
[Result "1-0"]
[WhiteElo "1865"]
[BlackElo "1966"]
[PlyCount "123"]
[EventDate "2011.12.07"]

1. d4 Nf6 2. Nf3 g6 3. Bf4 Bg7 4. e3 d6 5. h3 O-O 6. Be2 c5 7. c3 Be6 8. dxc5
dxc5 9. Qxd8 Rxd8 10. O-O Nc6 11. Nbd2 h6 12. Nb3 b6 13. Bb5 Bd7 14. Rfd1 Ne5
15. Be2 Nc6 16. Nbd2 Bc8 17. Nc4 Bb7 18. Ncd2 Nd5 19. Bh2 e5 20. Ne4 Nce7 21.
Ned2 e4 22. Ne5 f6 23. Nec4 Ba6 24. Bf1 f5 25. a4 Rd7 26. a5 b5 27. Ne5 Bxe5
28. Bxe5 Nc6 29. Bh2 c4 30. Be2 Rad8 31. Nf1 Nf6 32. g4 Rxd1 33. Bxd1 Bc8 34.
gxf5 gxf5 35. Bg3 Rd5 36. Bh4 Kg7 37. Bc2 Ne5 38. Bg3 Nf3+ 39. Kg2 a6 40. b3
Nd2 41. bxc4 Nxc4 42. Bb3 Rd3 43. Bxc4 bxc4 44. Be5 Kf7 45. Rb1 Rd5 46. Bd4
Rxa5 47. Rb8 Be6 48. Ng3 Rb5 49. Ra8 Ra5 50. Ra7+ Nd7 51. Ne2 Ra2 52. Nf4 Ra5
53. Rc7 Rb5 54. Rc6 Bd5 55. Rxa6 Bb7 56. Rxh6 Rb1 57. Rh7+ Ke8 58. h4 Rb5 59.
h5 Nf8 60. Rh8 Kf7 61. h6 Ng6 62. Rh7+ 1-0

[Event "XXXII Memorial Edoardo Crespi B"]
[Site "Milano ITA"]
[Date "2011.12.08"]
[Round "2"]
[White "Arboscelli, Gregorio"]
[Black "Mondal, Prince"]
[Result "1/2-1/2"]
[WhiteElo "1907"]
[BlackElo "1786"]
[PlyCount "41"]
[EventDate "2011.12.07"]

1. b3 c5 2. Bb2 e6 3. e3 Nf6 4. Nf3 Be7 5. c4 O-O 6. Nc3 Nc6 7. d3 d5 8. cxd5
Nxd5 9. a3 e5 10. Qc2 Nxc3 11. Bxc3 f6 12. h3 Be6 13. Be2 Qd7 14. Rd1 Rac8 15.
Bb2 Qc7 16. O-O Rfd8 17. Rc1 Qb6 18. Nd2 a6 19. Rfd1 Qa7 20. Nf3 Qb8 21. d4
1/2-1/2

[Event "XXXII Memorial Edoardo Crespi B"]
[Site "Milano ITA"]
[Date "2011.12.08"]
[Round "2"]
[White "Arnold, Daniele"]
[Black "Kimbin, Richard Conrod"]
[Result "1-0"]
[WhiteElo "1824"]
[BlackElo "1937"]
[PlyCount "77"]
[EventDate "2011.12.07"]

1. e4 c5 2. Nf3 d6 3. d4 cxd4 4. Nxd4 Nf6 5. Nc3 g6 6. Be3 Bg7 7. Bc4 Nc6 8. f3
Bd7 9. Qd2 Rc8 10. Bb3 O-O 11. h4 Ne5 12. Bh6 Nc4 13. Bxc4 Rxc4 14. Nb3 Be6 15.
g4 a6 16. O-O-O b5 17. h5 Qc7 18. hxg6 fxg6 19. Bxg7 Kxg7 20. Qh6+ Kg8 21. g5
b4 22. gxf6 exf6 23. Nd5 Bxd5 24. exd5 Rc8 25. Kb1 a5 26. Nd4 a4 27. Ne6 Qb7
28. Rdg1 Qf7 29. Rg2 a3 30. Rhg1 g5 31. Nxg5 fxg5 32. Rxg5+ Kh8 33. Rf5 Qe7 34.
Rf6 Rxc2 35. Re6 Rxb2+ 36. Ka1 Qf7 37. Rxd6 Qe7 38. Re6 Rc7 39. Qg7+ 1-0

[Event "XXXII Memorial Edoardo Crespi B"]
[Site "Milano ITA"]
[Date "2011.12.08"]
[Round "2"]
[White "Barolo, Andrea"]
[Black "Bisignano, Giuseppe"]
[Result "1-0"]
[WhiteElo "1944"]
[BlackElo "1908"]
[PlyCount "53"]
[EventDate "2011.12.07"]

1. e4 e5 2. Nf3 Nc6 3. Bb5 a6 4. Ba4 Nf6 5. O-O Be7 6. Re1 b5 7. Bb3 d6 8. c3
O-O 9. h3 Bb7 10. d4 Na5 11. Bc2 d5 12. exd5 exd4 13. cxd4 Nxd5 14. Nc3 Bf6 15.
Ne4 Re8 16. Qd3 h6 17. Bd2 b4 18. Neg5 Re6 19. Nxe6 fxe6 20. Rxe6 Bc8 21. Re2
Nc6 22. Qh7+ Kf8 23. Bg6 Nce7 24. Qh8+ Ng8 25. Re8+ Qxe8 26. Bxe8 Nde7 27. Bxb4
1-0

[Event "XXXII Memorial Edoardo Crespi B"]
[Site "Milano ITA"]
[Date "2011.12.08"]
[Round "2"]
[White "Bonassi, Tommaso"]
[Black "Olivieri, Alessandro"]
[Result "0-1"]
[WhiteElo "1843"]
[BlackElo "1936"]
[PlyCount "66"]
[EventDate "2011.12.07"]

1. e4 d6 2. d4 Nf6 3. Nc3 g6 4. Nf3 Bg7 5. h3 O-O 6. Be2 c5 7. Be3 cxd4 8. Nxd4
Nc6 9. O-O Bd7 10. Nb3 Be6 11. f4 Na5 12. Nxa5 Qxa5 13. Bd3 Rfc8 14. Qe2 Qb4
15. a3 Qa5 16. f5 Bd7 17. g4 d5 18. e5 Ne4 19. Bxe4 dxe4 20. f6 Qxe5 21. fxg7
Qg3+ 22. Qg2 Qxe3+ 23. Kh1 Kxg7 24. Nd5 Qg5 25. Qxe4 Bc6 26. c4 e6 27. Qd4+ Kg8
28. Rae1 exd5 29. Re5 dxc4+ 30. Kh2 Qh4 31. Qxc4 Rf8 32. Rf4 Rad8 33. Qb4 Rd1
0-1

[Event "XXXII Memorial Edoardo Crespi B"]
[Site "Milano ITA"]
[Date "2011.12.08"]
[Round "2"]
[White "Bossoni, Mario"]
[Black "Caldarola, Stefano"]
[Result "0-1"]
[WhiteElo "1952"]
[BlackElo "1812"]
[PlyCount "86"]
[EventDate "2011.12.07"]

1. e4 d5 2. exd5 Qxd5 3. Nc3 Qd6 4. d4 Nf6 5. Nf3 c6 6. h3 Bf5 7. Bc4 e6 8. Ne5
Be7 9. Bf4 Qd8 10. g4 Bg6 11. Nxg6 hxg6 12. Bb3 Nbd7 13. Qe2 Nb6 14. O-O-O Nfd5
15. Nxd5 cxd5 16. Bd2 Qd6 17. Ba5 O-O-O 18. Rd3 Kb8 19. Rf3 Rdf8 20. Bd2 Qc7
21. Rc3 Qd7 22. Qf3 Bd6 23. Bf4 Nc8 24. Qg3 Bxf4+ 25. Qxf4+ Nd6 26. Re1 b6 27.
Ba4 Qe7 28. Rc6 Rd8 29. Re3 Kb7 30. Rec3 Rd7 31. Rb3 b5 32. Rxd6 Qxd6 33. Rxb5+
Ka8 34. Qe3 Rb7 35. Rc5 Rc7 36. Qc3 Rhc8 37. b4 Rxc5 38. bxc5 Qf4+ 39. Kb2 e5
40. Bb3 Qxd4 41. Qxd4 exd4 42. Bxd5+ Kb8 43. Bxf7 g5 0-1

[Event "XXXII Memorial Edoardo Crespi B"]
[Site "Milano ITA"]
[Date "2011.12.08"]
[Round "2"]
[White "Brigatti, Lorenzo"]
[Black "Cerioni, Armando"]
[Result "0-1"]
[WhiteElo "1863"]
[BlackElo "1949"]
[PlyCount "68"]
[EventDate "2011.12.07"]

1. e4 c5 2. Nf3 e6 3. g3 d5 4. exd5 exd5 5. d4 Nf6 6. Bg2 Be7 7. O-O O-O 8. Be3
cxd4 9. Nxd4 Nc6 10. Nxc6 bxc6 11. c4 Ba6 12. Nd2 Bb4 13. Re1 Bxc4 14. Qc2 Bxd2
15. Bxd2 Qd7 16. Bc3 Rfe8 17. Bxf6 gxf6 18. Bf1 Bxf1 19. Kxf1 Rxe1+ 20. Rxe1
Re8 21. Rxe8+ Qxe8 22. Qf5 Qe6 23. Qf4 Kg7 24. Qa4 Qd7 25. Qd4 a6 26. h4 Qe6
27. Qb6 Qc8 28. Qd4 Qf5 29. Qd1 Qe4 30. Kg1 d4 31. Qa4 f5 32. Qa5 d3 33. Qd8 h6
34. Kh2 Qd5 0-1

[Event "XXXII Memorial Edoardo Crespi B"]
[Site "Milano ITA"]
[Date "2011.12.08"]
[Round "2"]
[White "Cavalleri, Giuseppe"]
[Black "Saffioti, Cristian"]
[Result "0-1"]
[WhiteElo "1812"]
[BlackElo "1916"]
[PlyCount "128"]
[EventDate "2011.12.07"]

1. d4 Nf6 2. c4 g6 3. Nc3 d5 4. Nf3 Bg7 5. Bf4 c6 6. a4 Nh5 7. Bd2 Na6 8. cxd5
cxd5 9. e3 Nf6 10. Be2 O-O 11. O-O Qb6 12. Nb5 Ne4 13. Rc1 Bd7 14. Qb3 Nxd2 15.
Nxd2 Bc6 16. Qa3 Rfe8 17. Nb3 Bf8 18. Nc5 Nxc5 19. dxc5 Qd8 20. b4 e5 21. Rfd1
a6 22. Nc3 d4 23. Bf1 Qh4 24. exd4 exd4 25. Ne2 Rad8 26. Ng3 h5 27. b5 axb5 28.
axb5 Bd5 29. Qb4 b6 30. Qxd4 Qxd4 31. Rxd4 Bxc5 32. Rdd1 h4 33. Ne2 Bb3 34.
Rxd8 Rxd8 35. Nc3 f5 36. Nb1 Rd4 37. Be2 Rf4 38. Bf3 g5 39. Nc3 Rd4 40. Rb1 Be6
41. Rd1 Kf7 42. Rxd4 Bxd4 43. Nd1 Bc4 44. Bc6 f4 45. g3 Be2 46. Bd5+ Kf6 47.
Bb3 Bxb5 48. gxf4 gxf4 49. Kg2 Bc6+ 50. f3 h3+ 51. Kxh3 Bxf3 52. Kh4 Be2 53. h3
b5 54. Bc2 b4 55. Bb3 Ke5 56. Kg5 f3 57. h4 f2 58. Nxf2 Bxf2 59. h5 Be3+ 60.
Kg6 Bd3+ 61. Kg7 Kd4 62. h6 Kc3 63. Bf7 Bd4+ 64. Kg8 Bc4 0-1

[Event "XXXII Memorial Edoardo Crespi B"]
[Site "Milano ITA"]
[Date "2011.12.08"]
[Round "2"]
[White "Ciciotti, Augusto"]
[Black "Beltrami, Francesco"]
[Result "1-0"]
[WhiteElo "1917"]
[BlackElo "1857"]
[PlyCount "121"]
[EventDate "2011.12.07"]

1. d4 Nf6 2. c4 e6 3. Nf3 Bb4+ 4. Bd2 Bxd2+ 5. Qxd2 Ne4 6. Qc2 d5 7. g3 c6 8.
Bg2 Qa5+ 9. Nbd2 Nxd2 10. Nxd2 dxc4 11. Qxc4 Nd7 12. Qc2 Qb4 13. e3 O-O 14. O-O
Rb8 15. a3 Qe7 16. Rac1 e5 17. dxe5 Nxe5 18. Nc4 Nxc4 19. Qxc4 Be6 20. Qd4 a6
21. Rcd1 Bb3 22. Rd3 Rbd8 23. Qc3 Rxd3 24. Qxd3 Ba4 25. Qc3 Bb5 26. Rd1 Rd8 27.
Rd4 Rxd4 28. Qxd4 c5 29. Qf4 Qd8 30. Bf3 g6 31. Kg2 b6 32. h4 h5 33. a4 Bd3 34.
Qe5 c4 35. Bd5 b5 36. Qd4 Qc7 37. Qc3 Qd7 38. e4 Qe7 39. f3 b4 40. Qd4 Qc7 41.
Qf6 c3 42. Qxg6+ Kf8 43. Qh6+ Ke8 44. Bc6+ Ke7 45. bxc3 bxc3 46. Qg5+ f6 47.
Qc5+ Qd6 48. Qxc3 a5 49. Bd5 Ba6 50. Qxa5 Bc8 51. Qa7+ Bd7 52. Qd4 Qa6 53. Qc5+
Kd8 54. a5 Qe2+ 55. Qf2 Bh3+ 56. Kg1 Qd1+ 57. Kh2 Bd7 58. a6 Qa4 59. a7 Bc6 60.
Qb6+ Ke7 61. Qc7+ 1-0

[Event "XXXII Memorial Edoardo Crespi B"]
[Site "Milano ITA"]
[Date "2011.12.08"]
[Round "2"]
[White "Coppola, Federico"]
[Black "Trent, Alan M."]
[Result "1/2-1/2"]
[WhiteElo "1858"]
[BlackElo "1759"]
[PlyCount "77"]
[EventDate "2011.12.07"]

1. e4 g6 2. d4 c6 3. Nc3 d5 4. f3 Bg7 5. Be3 dxe4 6. fxe4 Nf6 7. Bc4 b5 8. Bd3
Ng4 9. Qf3 Nxe3 10. Qxe3 Qxd4 11. Qxd4 Bxd4 12. Nf3 Bxc3+ 13. bxc3 Nd7 14. O-O
O-O 15. a4 bxa4 16. Rxa4 Nc5 17. Ra5 Nb7 18. Ra3 Nd6 19. Rfa1 Bb7 20. e5 Nc8
21. Ba6 Bxa6 22. Rxa6 c5 23. R1a5 c4 24. Rc5 e6 25. Rxc4 Nb6 26. Rd4 Rfc8 27.
Rd3 Nd5 28. Ra3 Rab8 29. Kf2 Rc7 30. Nd2 Rb2 31. c4 Nb6 32. Rac3 a5 33. Rd6 Na4
34. Ra3 Nc5 35. Rxa5 Rxc2 36. Ke3 Rc3+ 37. Ke2 Rc2 38. Ke3 Kg7 39. Ra3 1/2-1/2

[Event "XXXII Memorial Edoardo Crespi B"]
[Site "Milano ITA"]
[Date "2011.12.08"]
[Round "2"]
[White "Dobboletta, Alex"]
[Black "Giallombardo, Federico"]
[Result "1-0"]
[WhiteElo "1939"]
[BlackElo "1906"]
[PlyCount "43"]
[EventDate "2011.12.07"]

1. e4 d6 2. d4 Nf6 3. Nc3 c6 4. f3 Nbd7 5. Be3 e5 6. g4 h6 7. h4 Be7 8. Qd2 Qc7
9. O-O-O b6 10. Nh3 Bb7 11. g5 hxg5 12. Nxg5 Rf8 13. Ne2 O-O-O 14. Ng3 g6 15.
h5 gxh5 16. Nf5 Rde8 17. dxe5 dxe5 18. Bc4 Nc5 19. Nxf7 Kb8 20. Nxe5 Ka8 21.
Qh2 b5 22. Ng6 1-0

[Event "XXXII Memorial Edoardo Crespi B"]
[Site "Milano ITA"]
[Date "2011.12.08"]
[Round "2"]
[White "Falconieri, Goffredo"]
[Black "Ganci, Stefano"]
[Result "0-1"]
[WhiteElo "1789"]
[BlackElo "1920"]
[PlyCount "129"]
[EventDate "2011.12.07"]

1. d4 b6 2. e3 Bb7 3. c4 e6 4. Nc3 Bb4 5. Bd2 f5 6. Nf3 Nf6 7. a3 Bxc3 8. Bxc3
d6 9. b3 Ne4 10. Bb2 Nd7 11. Be2 Qe7 12. b4 Ndf6 13. O-O g5 14. Nd2 Nxd2 15.
Qxd2 g4 16. d5 e5 17. Bd3 e4 18. Bc2 Kf7 19. Ba4 Rad8 20. Bd4 Rhg8 21. Rad1 h5
22. Bb3 Nh7 23. Qc2 Ba6 24. Rfe1 Rg6 25. Rc1 Rc8 26. Qd2 Qh4 27. c5 bxc5 28.
bxc5 Rb8 29. Qc3 Qe7 30. cxd6 cxd6 31. Qc7 Rb7 32. Qxe7+ Kxe7 33. Rc3 Rg8 34.
Rec1 Rgb8 35. Ba4 Bd3 36. Bc2 Bxc2 37. R3xc2 Kd7 38. g3 Ng5 39. Kg2 Nf3 40. h3
Rg8 41. hxg4 hxg4 42. Rh1 Nxd4 43. exd4 Rg7 44. Rh5 Rf7 45. Rh6 Rb5 46. Rh8
Rxd5 47. Rc4 Ra5 48. a4 Ke6 49. Rhc8 Kd5 50. Rb4 Ra6 51. Rcc4 Ra5 52. Rc2 Re7
53. Rc3 Re8 54. Kf1 Ra6 55. Ke2 Rh8 56. Ke3 Rh1 57. Rc2 Re1+ 58. Kf4 Ke6 59.
Kg5 Ra1 60. Rc7 Ra2 61. Rb5 Rxf2 62. Rbb7 Rf3 63. Kh4 Ra3 64. Rc8 R3xa4 65.
Rcb8 0-1

[Event "XXXII Memorial Edoardo Crespi B"]
[Site "Milano ITA"]
[Date "2011.12.08"]
[Round "2"]
[White "Fornasir, Carlo Gustavo"]
[Black "Murli, Almerico"]
[Result "0-1"]
[WhiteElo "1868"]
[BlackElo "1804"]
[PlyCount "148"]
[EventDate "2011.12.07"]

1. e4 g6 2. f4 Bg7 3. Nf3 c6 4. d4 d5 5. e5 Nh6 6. Bd3 Bf5 7. O-O e6 8. c4 O-O
9. cxd5 cxd5 10. Nc3 a6 11. b3 Qa5 12. Na4 Rc8 13. Bd2 Qd8 14. Bb4 Nd7 15. Qd2
Bxd3 16. Qxd3 Rc6 17. Rac1 Rac8 18. Qd2 Bf8 19. Rxc6 Rxc6 20. Bxf8 Qxf8 21. Rc1
Qc8 22. Rxc6 Qxc6 23. Qc3 Qxc3 24. Nxc3 b5 25. Kf2 Nf5 26. g4 Ne7 27. Ke3 Kf8
28. Nh4 Nb6 29. Kd3 Nc6 30. f5 Nb4+ 31. Kd2 Nc6 32. Ke3 b4 33. Ne2 Nc8 34. f6
N8a7 35. g5 Nb5 36. Nf3 a5 37. Ne1 Na3 38. Kd3 Ke8 39. Nc2 Nxc2 40. Kxc2 Na7
41. Kd3 Nb5 42. Ke3 Kd7 43. Kd3 Kc6 44. Nf4 Kd7 45. Ng2 Nc3 46. a3 Ne4 47. axb4
axb4 48. h4 Kc6 49. Ne3 Nf2+ 50. Ke2 Ne4 51. Ng4 Kd7 52. Nh6 Ke8 53. Ng8 Ng3+
54. Kd2 Nf5 55. Kd3 Nxh4 56. Ne7 Nf3 57. Ke3 Nxg5 58. Nc6 h5 59. Nxb4 h4 60.
Nd3 h3 61. Nf2 h2 62. Nh1 Kd7 63. Kf2 Kc6 64. Kg2 Kb5 65. Ng3 Kb4 66. Kxh2 Nf3+
67. Kh3 Nxd4 68. Kg4 Kxb3 69. Kg5 Nc6 70. Kf4 Nb4 71. Ne2 Nd3+ 72. Kg5 Nxe5 73.
Nd4+ Kc4 74. Ne2 d4 0-1

[Event "XXXII Memorial Edoardo Crespi B"]
[Site "Milano ITA"]
[Date "2011.12.08"]
[Round "2"]
[White "Guzzetti, Luigi Enrico"]
[Black "Villalba, Fernando"]
[Result "1-0"]
[WhiteElo "1928"]
[BlackElo "1865"]
[PlyCount "77"]
[EventDate "2011.12.07"]

1. e4 c5 2. Nf3 Nc6 3. d4 cxd4 4. Nxd4 g6 5. Nc3 Bg7 6. Be3 Nf6 7. Be2 O-O 8.
O-O d6 9. Qd2 Bd7 10. f3 h5 11. Rad1 Nxd4 12. Bxd4 Bc6 13. Rfe1 Qc7 14. Qd3
Rfc8 15. f4 e5 16. Be3 Rd8 17. fxe5 dxe5 18. Qc4 Qc8 19. Rxd8+ Qxd8 20. Rd1 Qc8
21. Nd5 Bxd5 22. exd5 Qd7 23. Qb5 Qxb5 24. Bxb5 Ng4 25. Bc5 a6 26. Be2 Nf6 27.
c4 Nd7 28. Ba3 b6 29. Bd6 f5 30. b4 Bf8 31. Bxf8 Kxf8 32. Rc1 Nf6 33. d6 Nd7
34. c5 bxc5 35. bxc5 Rc8 36. c6 Nb8 37. c7 Ke8 38. cxb8=Q Rxb8 39. Bxa6 1-0

[Event "XXXII Memorial Edoardo Crespi B"]
[Site "Milano ITA"]
[Date "2011.12.08"]
[Round "2"]
[White "Manansala, Eduardo"]
[Black "Alberio, Silvio"]
[Result "1-0"]
[WhiteElo "1912"]
[BlackElo "1755"]
[PlyCount "75"]
[EventDate "2011.12.07"]

1. c4 b6 2. d4 Nf6 3. Nc3 Bb7 4. d5 d6 5. Nf3 g6 6. e4 Bg7 7. Be2 O-O 8. O-O
Na6 9. Ne1 Nc5 10. f3 e5 11. b4 Ncd7 12. Nd3 a5 13. Be3 Nh5 14. a3 f5 15. Bf2
Ba6 16. c5 axb4 17. axb4 bxc5 18. bxc5 Bxd3 19. Qxd3 Nxc5 20. Bxc5 dxc5 21. Qc4
Rf7 22. Qxc5 Bf8 23. Qc6 Rxa1 24. Rxa1 Qb8 25. d6 cxd6 26. Bc4 Qb2 27. Bxf7+
Kxf7 28. Rb1 Qd2 29. Qd5+ Qxd5 30. Nxd5 g5 31. Kf2 Nf6 32. Rb7+ Kg6 33. Nxf6
Kxf6 34. Ke2 h5 35. Kd3 g4 36. Kc4 g3 37. h3 h4 38. Kd5 1-0

[Event "XXXII Memorial Edoardo Crespi B"]
[Site "Milano ITA"]
[Date "2011.12.08"]
[Round "2"]
[White "Mansueti, Marco"]
[Black "Montilli, Vincenzo"]
[Result "1-0"]
[WhiteElo "1852"]
[BlackElo "1777"]
[PlyCount "107"]
[EventDate "2011.12.07"]

1. e4 c5 2. Nf3 d6 3. d4 cxd4 4. Nxd4 Nf6 5. Nc3 a6 6. Be2 Nbd7 7. Be3 b5 8. a3
Bb7 9. f3 e6 10. Qd2 Rc8 11. O-O Be7 12. Rfd1 O-O 13. Rac1 d5 14. exd5 Nxd5 15.
Nxd5 Bxd5 16. Nf5 Bf6 17. c4 bxc4 18. Nd6 c3 19. bxc3 Rc6 20. Ne4 Bxe4 21. Qxd7
Qxd7 22. Rxd7 Bg6 23. Ra7 Rxc3 24. Rxc3 Bxc3 25. Bxa6 Rb8 26. Bb5 f5 27. a4 f4
28. Bf2 Rd8 29. Rd7 Rxd7 30. Bxd7 Kf7 31. Bb6 Ke7 32. Bc8 Be8 33. a5 Bd7 34.
Bb7 Kd6 35. a6 Bc6 36. Bxc6 Kxc6 37. a7 Kb7 38. Kf1 Be5 39. Ke2 h5 40. Kd3 g5
41. Ke4 Bd6 42. a8=Q+ Kxa8 43. Bd8 g4 44. Bg5 gxf3 45. gxf3 Kb7 46. Bxf4 Be7
47. Ke5 Kc7 48. Kxe6+ Kd8 49. Kf5 Ke8 50. Bg5 Bd6 51. h4 Kf7 52. Bd8 Kg8 53.
Ke6 Bf4 54. Bf6 1-0

[Event "XXXII Memorial Edoardo Crespi B"]
[Site "Milano ITA"]
[Date "2011.12.08"]
[Round "2"]
[White "Marchini, Daniele"]
[Black "Gemelli, Giovanni"]
[Result "1-0"]
[WhiteElo "1813"]
[BlackElo "1759"]
[PlyCount "89"]
[EventDate "2011.12.07"]

1. d4 Nf6 2. c4 g6 3. Nc3 Bg7 4. e4 d6 5. Nf3 O-O 6. Be2 e5 7. Be3 Nc6 8. d5
Ne7 9. Nd2 Nd7 10. b4 f5 11. f3 f4 12. Bf2 g5 13. c5 Nf6 14. cxd6 cxd6 15. Rc1
a6 16. Nc4 Ng6 17. Nb6 Rb8 18. b5 h5 19. Nxc8 Rxc8 20. bxa6 Qa5 21. Qb3 Nd7 22.
axb7 Rc7 23. O-O Rb8 24. Qb5 Qa3 25. Nb1 Qxc1 26. Rxc1 Rxc1+ 27. Bf1 Rc7 28.
Qa6 Rbxb7 29. Na3 Nb8 30. Qxd6 Kh7 31. Nb5 Rc1 32. a4 Nd7 33. Qa3 Rb1 34. Qa2
Rc1 35. Qb2 Rd1 36. Qc2 Ra1 37. Qc6 Rb8 38. Qxd7 Rxa4 39. Ba7 Rg8 40. d6 Kh6
41. Qc6 g4 42. d7 gxf3 43. gxf3 Kh7 44. Qe6 Nh4 45. Qxg8+ 1-0

[Event "XXXII Memorial Edoardo Crespi B"]
[Site "Milano ITA"]
[Date "2011.12.08"]
[Round "2"]
[White "Miracola, Giorgia"]
[Black "Montoli, Marco"]
[Result "1-0"]
[WhiteElo "1763"]
[BlackElo "1929"]
[PlyCount "55"]
[EventDate "2011.12.07"]

1. e4 c5 2. Nf3 e6 3. d4 cxd4 4. Nxd4 Nc6 5. Nc3 Qc7 6. Be3 a6 7. Qd2 Nf6 8. f3
Bb4 9. O-O-O O-O 10. g4 b5 11. a3 Be7 12. g5 Ne8 13. h4 b4 14. axb4 Bxb4 15. h5
Nxd4 16. Qxd4 Bxc3 17. bxc3 d5 18. exd5 exd5 19. Bd3 Be6 20. f4 f5 21. gxf6
Rxf6 22. f5 Bf7 23. h6 Rc8 24. hxg7 Rc6 25. Rxh7 Nf6 26. Rh6 Rxc3 27. Rh8+ Kxg7
28. Rxc8 1-0

[Event "XXXII Memorial Edoardo Crespi B"]
[Site "Milano ITA"]
[Date "2011.12.08"]
[Round "2"]
[White "Moroni, Luca"]
[Black "Brociner, Beniamino"]
[Result "0-1"]
[WhiteElo "1847"]
[BlackElo "1941"]
[PlyCount "82"]
[EventDate "2011.12.07"]

1. Nf3 c5 2. e4 d6 3. d3 g6 4. Be2 Bg7 5. Nc3 a6 6. Bf4 Nc6 7. O-O Nf6 8. h3
O-O 9. Rb1 b5 10. Nd5 Nxd5 11. exd5 Nb4 12. c4 bxc4 13. dxc4 Nxa2 14. Qd2 Re8
15. Bh6 Bh8 16. Ng5 Nb4 17. Qf4 Bf6 18. Ne4 Bg7 19. Ng5 Bf5 20. Bxg7 Kxg7 21.
g4 e5 22. dxe6 Bxe6 23. Rbd1 Qf6 24. Qxf6+ Kxf6 25. Ne4+ Kg7 26. Nxd6 Re7 27.
Bf3 Rb8 28. b3 Nc2 29. Rd2 Nd4 30. Bd1 Bd7 31. Ra2 Rb6 32. Ra5 Rxd6 33. Rxc5
Rb6 34. Ra5 Nxb3 35. Bxb3 Rxb3 36. Rxa6 Rc3 37. Ra7 Kf6 38. Rc7 h6 39. h4 Bxg4
40. Rc6+ Re6 41. Rc5 Be2 0-1

[Event "XXXII Memorial Edoardo Crespi B"]
[Site "Milano ITA"]
[Date "2011.12.08"]
[Round "2"]
[White "Motola, Jacopo"]
[Black "Cattaneo, Marco"]
[Result "1/2-1/2"]
[WhiteElo "1903"]
[BlackElo "1973"]
[PlyCount "80"]
[EventDate "2011.12.07"]

1. e4 c5 2. Nf3 d6 3. d4 cxd4 4. Qxd4 Nc6 5. Bb5 Bd7 6. Bxc6 Bxc6 7. Nc3 Nf6 8.
Bg5 e6 9. O-O-O Be7 10. Rhe1 O-O 11. e5 dxe5 12. Qh4 Qc7 13. Nxe5 h6 14. Bxh6
gxh6 15. Qxh6 Nh7 16. f4 Bf6 17. Rd7 Bxd7 18. Re3 Qxe5 19. Rxe5 Bxe5 20. fxe5
Bc6 21. g3 Kh8 22. Ne2 Rad8 23. Nf4 Rg8 24. b3 Be4 25. Nh5 Rg6 26. Qf4 Bf5 27.
Qh4 Rc8 28. c4 Rh6 29. g4 Bg6 30. Qe7 Bxh5 31. gxh5 Rf8 32. Qxb7 Rxh5 33. c5
Rxe5 34. c6 Rc5+ 35. Kb2 f5 36. c7 f4 37. Qxa7 Rg5 38. Qb8 Rgg8 39. c8=Q Rxc8
40. Qxf4 Rg2+ 1/2-1/2

[Event "XXXII Memorial Edoardo Crespi B"]
[Site "Milano ITA"]
[Date "2011.12.08"]
[Round "2"]
[White "Palmieri, Giovanni"]
[Black "Sirletti, Sonia"]
[Result "0-1"]
[WhiteElo "1802"]
[BlackElo "1960"]
[PlyCount "88"]
[EventDate "2011.12.07"]

1. e4 d6 2. d4 Nf6 3. Nc3 Nbd7 4. Be3 e5 5. Nf3 Be7 6. Qd2 c6 7. h3 O-O 8. Bd3
b5 9. O-O Bb7 10. Ne2 Re8 11. Ng3 Bf8 12. Rad1 a6 13. Rfe1 Qc7 14. c3 a5 15.
Bc2 b4 16. cxb4 axb4 17. Bb3 exd4 18. Bxd4 c5 19. Bxf6 Nxf6 20. Ng5 d5 21. exd5
c4 22. Rxe8 Rxe8 23. Rc1 Bxd5 24. Bxc4 Bxc4 25. b3 Rd8 26. Qc2 Qf4 27. bxc4
Qxg5 28. c5 Rc8 29. c6 Bd6 30. Rd1 Qc5 31. Qxc5 Bxc5 32. Nf5 Kf8 33. c7 Rxc7
34. Rd8+ Ne8 35. Nxg7 Kxg7 36. Rxe8 Bd6 37. g3 Rc2 38. Ra8 Bc5 39. Ra5 Bxf2+
40. Kf1 Bd4 41. h4 Rf2+ 42. Ke1 Rf3 43. Rd5 Bc3+ 44. Ke2 Rxg3 0-1